header

The Nazis' last victims (Record no. 27162)

MARC details
000 -LEADER
fixed length control field 01563nam a2200373Ia 4500
082 04 - DEWEY DECIMAL CLASSIFICATION NUMBER
Classification number 940.53/18/09439
245 04 - TITLE STATEMENT
Title The Nazis' last victims
250 ## - EDITION STATEMENT
Edition statement Pbk. ed.
260 ## - PUBLICATION, DISTRIBUTION, ETC. (IMPRINT)
Place of publication Detroit :
Name of publisher Wayne State University Press ; Washington, D.C. :
-- published in association with the United States Holocaust Memorial Museum,
Year of publication 2002.
300 ## - PHYSICAL DESCRIPTION
Number of Pages 200 p., [8] p. :
Other physical details ill., maps, ports.
650 #0 - SUBJECT ADDED ENTRY--TOPICAL TERM
Topical Term Jews
Topical Term Holocaust, Jewish (1939-1945)
700 1# - ADDED ENTRY--PERSONAL NAME
Personal name Braham, Randolph L.
Personal name Miller, Scott,
856 40 - ELECTRONIC LOCATION AND ACCESS
Uniform Resource Identifier http://site.ebrary.com/lib/rucke/Doc?id=10715453

No items available.

© 2026 Rongo University
Contact us: librarian | system librarian | Rongo university